[Event "Titled Tuesday intern op 12th Mar Late"]
[Site "Chess.com INT"]
[Date "2024.03.12"]
[Round "1"]
[White "Davidson, Kevin"]
[Black "Grigorjev, Iljya"]
[Result "0-1"]
[WhiteElo "2154"]
[BlackElo "2444"]
[PlyCount "58"]
[EventDate "2024.03.12"]
[EventType "swiss (blitz)"]
[EventRounds "11"]
[EventCountry "USA"]
[SourceTitle "CB12_2024"]
[SourceDate "2023.10.01"]
[SourceVersion "1"]
[SourceVersionDate "2023.10.01"]
[SourceQuality "1"]

1. e4 e5 2. Nf3 Nc6 3. Bb5 a6 4. Ba4 Nge7 5. 0-0 Ng6 6. c3 d5 7. exd5 Qxd5 8. d4 Bg4 9. dxe5 Bxf3 10. gxf3 Qxd1 11. Bxc6+ bxc6 12. Rxd1 Nxe5 13. Bf4 Nxf3+ 14. Kg2 Nh4+ 15. Kh3 Ng6 16. Bxc7 Bc5 17. Nd2 f5 18. f4 0-0 19. Nc4 Rae8 20. Re1 Re4 21. Rxe4 fxe4 22. Kg4 h5+ 23. Kg5 Ne7 24. Kxh5 Nd5 25. Be5 Nxf4+ 26. Kg4 Nd3 27. b4 Bf2 28. a4 e3 29. Bg3 e2 0-1

[Event "RUS-ch Rapid"]
[Site "Sochi"]
[Date "2023.10.15"]
[Round "5"]
[White "Pridorozhni, Aleksei"]
[Black "Grigorjev, Iljya"]
[Result "1/2-1/2"]
[WhiteElo "2486"]
[BlackElo "2432"]
[PlyCount "121"]
[EventDate "2023.10.15"]
[EventType "swiss (rapid)"]
[EventRounds "11"]
[EventCountry "RUS"]
[SourceTitle "Mega2024 Update 01"]
[Source "Chessbase"]
[SourceDate "2023.11.12"]
[SourceVersion "1"]
[SourceVersionDate "2023.11.12"]
[SourceQuality "1"]

1. e4 e5 2. Nf3 Nc6 3. Bb5 a6 4. Ba4 Nf6 5. Bxc6 dxc6 6. d3 Bd6 7. Nbd2 Be6 8. h3 Qe7 9. Qe2 Nd7 10. b3 f6 11. Bb2 0-0-0 12. d4 exd4 13. Nxd4 Bf4 14. 0-0-0 Rhe8 15. g3 Bxd2+ 16. Rxd2 c5 17. Nxe6 Qxe6 18. f3 f5 19. g4 fxe4 20. fxe4 Nf6 21. Rxd8+ Rxd8 22. e5 Nd5 23. Qe4 g6 24. Rf1 Nb4 25. a3 Nc6 26. Rf6 Qe7 27. Rxc6 bxc6 28. Qxc6 Kb8 29. Qxa6 Qd7 30. Bc3 Re8 31. Qc4 Qc6 32. Qf7 c4 33. b4 Kb7 34. Kb2 Ra8 35. e6 Qa4 36. Qf3+ Qc6 37. Qf6 Qa4 38. Kb1 Qxa3 39. Qf3+ Kb8 40. e7 Qa4 41. Qd5 Qe8 42. Bf6 c6 43. Qxc4 Qd7 44. Kb2 Kb7 45. Qf7 Kb6 46. Qc4 Qd1 47. Qd4+ Qxd4+ 48. Bxd4+ Kc7 49. c4 Kd7 50. Bc5 h5 51. Kb3 hxg4 52. hxg4 Rc8 53. Kc3 Rh8 54. b5 cxb5 55. cxb5 Rh3+ 56. Kc4 Rh4 57. b6 Rxg4+ 58. Kb5 Re4 59. b7 Kc7 60. Ka6 Ra4+ 61. Kb5 1/2-1/2

[Event "RUS-ch Blitz"]
[Site "Sochi"]
[Date "2023.10.14"]
[Round "6"]
[White "Bocharov, Dmitry"]
[Black "Grigorjev, Iljya"]
[Result "1-0"]
[WhiteElo "2519"]
[BlackElo "2432"]
[PlyCount "91"]
[EventDate "2023.10.14"]
[EventType "swiss (blitz)"]
[EventRounds "13"]
[EventCountry "RUS"]
[SourceTitle "Mega2024 Update 01"]
[Source "Chessbase"]
[SourceDate "2023.11.12"]
[SourceVersion "1"]
[SourceVersionDate "2023.11.12"]
[SourceQuality "1"]

1. c4 Nf6 2. Nf3 c5 3. g3 d5 4. cxd5 Nxd5 5. Bg2 Nc6 6. Nc3 g6 7. d3 Bg7 8. Bd2 0-0 9. 0-0 Nc7 10. Qa4 Rb8 11. Rac1 b5 12. Qh4 Nd4 13. Nxd4 cxd4 14. Ne4 Ne6 15. Rc2 Bb7 16. Rfc1 Bd5 17. b4 Bxe4 18. Qxe4 Qd7 19. Qc6 Rfd8 20. Bh3 f5 21. Qa6 Kf7 22. Bg2 Be5 23. Bc6 Qd6 24. Bxb5 Rb6 25. Qa4 Rdb8 26. Rc6 Rxb5 27. Rxd6 Bxd6 28. a3 R8b7 29. Rc6 h5 30. Qc2 h4 31. Qc4 h3 32. f3 a5 33. a4 Rxb4 34. Bxb4 Rxb4 35. Qc2 Rb7 36. Kf2 Kg7 37. Qc4 Kf6 38. Qc2 Rb4 39. Rc4 Rb7 40. Rc8 Rb4 41. f4 g5 42. fxg5+ Nxg5 43. Rf8+ Kg6 44. Qc8 e6 45. Qe8+ Kg7 46. Rg8+ 1-0

[Event "Titled Tuesday intern op 22nd Aug Late"]
[Site "Chess.com INT"]
[Date "2023.08.22"]
[Round "6"]
[White "Grigorjev, Iljya"]
[Black "Omelja, Artem"]
[Result "0-1"]
[WhiteElo "2432"]
[BlackElo "2435"]
[PlyCount "114"]
[EventDate "2023.08.22"]
[EventType "swiss (blitz)"]
[EventRounds "11"]
[EventCountry "USA"]
[SourceTitle "EXT 2024"]
[Source "ChessBase"]
[SourceDate "2023.10.10"]
[SourceVersion "1"]
[SourceVersionDate "2023.10.10"]
[SourceQuality "1"]

1. e4 c5 2. Nf3 e6 3. g3 Nc6 4. Bg2 Nf6 5. Qe2 e5 6. 0-0 d6 7. c3 Be7 8. Rd1 0-0 9. d4 cxd4 10. cxd4 Bg4 11. dxe5 Nxe5 12. Nbd2 Qc8 13. Nf1 Re8 14. Ne3 Nxf3+ 15. Bxf3 Bxf3 16. Qxf3 Bf8 17. Rd4 Qc5 18. Rc4 Qe5 19. Ng4 Nxg4 20. Qxg4 b5 21. Rc7 Qxe4 22. Qxe4 Rxe4 23. Be3 a5 24. Rb7 b4 25. a3 d5 26. axb4 Rxb4 27. Rxb4 Bxb4 28. Kf1 Rc8 29. Rd1 Rd8 30. Ke2 f6 31. Kd3 Kf7 32. Rc1 Ke6 33. g4 Ke5 34. f4+ Kd6 35. f5 Kd7 36. Bf4 Bd6 37. Bd2 Rb8 38. Rc2 a4 39. Bc3 Be5 40. Re2 Kd6 41. Re1 a3 42. Bxe5+ fxe5 43. bxa3 Rb3+ 44. Kc2 Rxa3 45. Rb1 Ra2+ 46. Kd3 e4+ 47. Kd4 Ra4+ 48. Ke3 Ke5 49. Rb7 d4+ 50. Kf2 Ra2+ 51. Kg3 d3 52. Rxg7 d2 53. Rd7 Ra3+ 54. Kf2 Rd3 55. Re7+ Kf4 56. f6 d1Q 57. f7 Qf3+ 0-1

[Event "Titled Tuesday intern op 15th Aug Early"]
[Site "Chess.com INT"]
[Date "2023.08.15"]
[Round "8"]
[White "Grigorjev, Iljya"]
[Black "Matinian, Nikita"]
[Result "0-1"]
[WhiteElo "2432"]
[BlackElo "2421"]
[PlyCount "110"]
[EventDate "2023.08.15"]
[EventType "swiss (blitz)"]
[EventRounds "11"]
[EventCountry "USA"]
[SourceTitle "EXT 2024"]
[Source "ChessBase"]
[SourceDate "2023.10.10"]
[SourceVersion "1"]
[SourceVersionDate "2023.10.10"]
[SourceQuality "1"]

1. d4 Nf6 2. c4 g6 3. Nc3 Bg7 4. e4 d6 5. h3 e5 6. d5 a5 7. Be3 Na6 8. Nf3 b6 9. Be2 Nc5 10. Nd2 h5 11. b3 h4 12. a3 Bh6 13. Bxh6 Rxh6 14. b4 Nb7 15. 0-0 Nh5 16. Bxh5 Rxh5 17. f4 exf4 18. Rxf4 Qg5 19. Qf3 axb4 20. Rxf7 Bf5 21. exf5 Kxf7 22. Rf1 gxf5 23. Nde4 Qg6 24. Nb5 Kg8 25. Nd2 bxa3 26. Nxc7 Rc8 27. Ne6 Rh7 28. Qxa3 Nc5 29. Nf4 Qf6 30. Nf3 Re8 31. Ne6 Nxe6 32. dxe6 Qxe6 33. Ng5 Qxc4 34. Nxh7 Qd4+ 35. Kh1 Kxh7 36. Qf3 Re5 37. Qh5+ Kg7 38. Qg5+ Kf7 39. Qh5+ Ke6 40. Qg6+ Kd5 41. Qf7+ Kc5 42. Rc1+ Kb4 43. Qa2 Re3 44. Rb1+ Kc5 45. Qc2+ Rc3 46. Qxf5+ d5 47. Qc8+ Kd6 48. Qf8+ Kc6 49. Qe8+ Kc7 50. Rf1 Kb7 51. Qd7+ Rc7 52. Qb5 Qc4 53. Qe8 Qxf1+ 54. Kh2 Qf4+ 55. Kg1 Rc1+ 0-1

[Event "Titled Tuesday intern op 15th Aug Late"]
[Site "Chess.com INT"]
[Date "2023.08.15"]
[Round "1"]
[White "Olsson, William"]
[Black "Grigorjev, Iljya"]
[Result "0-1"]
[WhiteElo "2400"]
[BlackElo "2432"]
[PlyCount "86"]
[EventDate "2023.08.15"]
[EventType "swiss (blitz)"]
[EventRounds "11"]
[EventCountry "USA"]
[SourceTitle "EXT 2024"]
[Source "ChessBase"]
[SourceDate "2023.10.10"]
[SourceVersion "1"]
[SourceVersionDate "2023.10.10"]
[SourceQuality "1"]

1. c4 Nf6 2. g3 d5 3. cxd5 Nxd5 4. Bg2 g6 5. d4 Nb6 6. Nc3 Bg7 7. Nf3 0-0 8. 0-0 Nc6 9. d5 Na5 10. e4 c6 11. Bd2 cxd5 12. Nxd5 Nxd5 13. exd5 Qxd5 14. Bb4 Qxd1 15. Raxd1 Nc6 16. Bc3 Bxc3 17. bxc3 Be6 18. Nd4 Bxa2 19. Nxc6 bxc6 20. Bxc6 Rac8 21. Bd5 Bxd5 22. Rxd5 Rfd8 23. Rfd1 Rxd5 24. Rxd5 Rc7 25. Ra5 Kg7 26. h4 Kf6 27. Kg2 e5 28. c4 h5 29. Kf3 Kf5 30. Ke3 f6 31. Ra6 Rxc4 32. Rxa7 Rc3+ 33. Ke2 Kg4 34. Rf7 Rc6 35. Kf1 Kf3 36. Kg1 f5 37. Rg7 e4 38. Rg8 Rc1+ 39. Kh2 Kxf2 40. Rxg6 e3 41. Rf6 Rc5 42. g4 e2 43. Re6 e1Q 0-1

[Event "Moscow op-A 19th"]
[Site "Moscow"]
[Date "2023.07.20"]
[Round "5"]
[White "Zvjaginsev, Vadim"]
[Black "Grigorjev, Iljya"]
[Result "1/2-1/2"]
[WhiteElo "2584"]
[BlackElo "2428"]
[PlyCount "142"]
[EventDate "2023.07.17"]
[EventType "swiss"]
[EventRounds "9"]
[EventCountry "RUS"]
[SourceTitle "CBM 215 Extra"]
[Source "ChessBase"]
[SourceDate "2023.09.30"]
[SourceVersion "1"]
[SourceVersionDate "2023.09.30"]
[SourceQuality "1"]

1. c4 Nf6 2. Nc3 c5 3. g3 e6 4. Nf3 d5 5. cxd5 exd5 6. d4 Nc6 7. Bg2 cxd4 8. Nxd4 Bc5 9. Nxc6 bxc6 10. 0-0 0-0 11. Na4 Bd6 12. Bg5 h6 13. Bxf6 Qxf6 14. Rc1 Bd7 15. e4 Rad8 16. Nc3 Be6 17. exd5 cxd5 18. Qd2 Bb4 19. a3 Bxc3 20. Rxc3 d4 21. Rf3 Qg5 22. Qd3 Rfe8 23. h3 Qc5 24. Qd2 Qb6 25. Rc1 Bd5 26. Rd3 Bxg2 27. Kxg2 Re5 28. Qf4 Re6 29. Qc7 a5 30. b3 Rf6 31. Qxb6 Rxb6 32. Rc5 Ra6 33. h4 g6 34. g4 Kg7 35. Kf3 Kf6 36. Kf4 Ke7 37. Ke4 Re6+ 38. Re5 f6 39. Rxe6+ Kxe6 40. Rxd4 Rb8 41. Rd3 h5 42. gxh5 gxh5 43. Rc3 Rb6 44. f3 Rb8 45. Rd3 Rb7 46. Rc3 Rb8 47. Rd3 Rb7 48. f4 Rb5 49. Rc3 Kd6 50. Rd3+ Ke6 51. f5+ Ke7 52. Re3 Kd6 53. Kf4 Kd7 54. Re6 Rxb3 55. Rxf6 Rxa3 56. Re6 Ra1 57. Kg5 a4 58. Kxh5 a3 59. Re2 a2 60. Kh6 Rf1 61. Rxa2 Rxf5 62. Re2 Rf1 63. Re5 Rh1 64. Kg5 Rg1+ 65. Kf6 Rf1+ 66. Kg6 Kd6 67. Rg5 Ke7 68. Kg7 Rf7+ 69. Kg8 Rf8+ 70. Kh7 Rf7+ 71. Kh6 Rf6+ 1/2-1/2

[Event "Titled Tuesday intern op 06th Jun Early"]
[Site "Chess.com INT"]
[Date "2023.06.06"]
[Round "4"]
[White "Duda, Jan Krzysztof"]
[Black "Grigorjev, Iljya"]
[Result "1-0"]
[WhiteElo "2732"]
[BlackElo "2428"]
[PlyCount "49"]
[EventDate "2023.06.06"]
[EventType "swiss (blitz)"]
[EventRounds "11"]
[EventCountry "USA"]
[SourceTitle "EXT 2024"]
[Source "ChessBase"]
[SourceDate "2023.10.10"]
[SourceVersion "1"]
[SourceVersionDate "2023.10.10"]
[SourceQuality "1"]

1. d4 Nf6 2. c4 g6 3. Nc3 d5 4. cxd5 Nxd5 5. e4 Nxc3 6. bxc3 Bg7 7. Bc4 c5 8. Ne2 Nc6 9. Be3 0-0 10. 0-0 b6 11. Rc1 Bb7 12. Bb5 a6 13. Bxc6 Bxc6 14. d5 Bb7 15. c4 e6 16. a4 exd5 17. exd5 a5 18. Qd2 Qd7 19. Bh6 Bxh6 20. Qxh6 Qxa4 21. Rc3 Bc8 22. Nf4 Qb4 23. Rfc1 a4 24. h3 a3 25. Nh5 1-0

[Event "Titled Tuesday intern op 06th Jun Early"]
[Site "Chess.com INT"]
[Date "2023.06.06"]
[Round "1"]
[White "Grigorjev, Iljya"]
[Black "Khromkin, Andrey"]
[Result "1-0"]
[WhiteElo "2428"]
[BlackElo "2191"]
[PlyCount "35"]
[EventDate "2023.06.06"]
[EventType "swiss (blitz)"]
[EventRounds "11"]
[EventCountry "USA"]
[SourceTitle "EXT 2024"]
[Source "ChessBase"]
[SourceDate "2023.10.10"]
[SourceVersion "1"]
[SourceVersionDate "2023.10.10"]
[SourceQuality "1"]

1. d4 d5 2. c4 dxc4 3. Nf3 a6 4. e3 Bg4 5. Bxc4 e6 6. 0-0 Nc6 7. h3 Bh5 8. Nc3 Nf6 9. b3 Bd6 10. Bb2 0-0 11. Be2 Qe7 12. e4 Rad8 13. e5 Bxe5 14. Nxe5 Nxd4 15. Bxh5 Nf5 16. Qf3 Nd4 17. Bxf7+ Rxf7 18. Qxb7 1-0

[Event "RUS-chT2"]
[Site "Sochi"]
[Date "2023.05.02"]
[Round "2.2"]
[White "Khegay, Dmitriy"]
[Black "Grigorjev, Iljya"]
[Result "1-0"]
[WhiteElo "2512"]
[BlackElo "2426"]
[PlyCount "99"]
[EventDate "2023.05.01"]
[EventType "team-swiss"]
[EventRounds "9"]
[EventCountry "RUS"]
[SourceTitle "CBM 214 Extra"]
[Source "ChessBase"]
[SourceDate "2023.07.31"]
[SourceVersion "1"]
[SourceVersionDate "2023.07.31"]
[SourceQuality "1"]
[WhiteTeam "Krasnoyarsk Region Enisey"]
[BlackTeam "Lipetsk Region"]
[WhiteTeamCountry "RUS"]
[BlackTeamCountry "RUS"]

1. e4 e5 2. Nf3 Nc6 3. Bb5 a6 4. Ba4 Nf6 5. 0-0 b5 6. Bb3 Bc5 7. a4 Rb8 8. c3 d6 9. d4 Bb6 10. a5 Ba7 11. h3 Bb7 12. Be3 Nxe4 13. d5 Bxe3 14. dxc6 Nxf2 15. Qe2 Nxh3+ 16. Kh1 Ba7 17. cxb7 Nf4 18. Qe4 0-0 19. g3 Nh5 20. Kg2 Nf6 21. Qh4 c5 22. Nbd2 c4 23. Bc2 h6 24. Rad1 Nd5 25. Nxc4 Qxh4 26. Nxh4 bxc4 27. Rxd5 Rxb7 28. Rb1 Bc5 29. Be4 Rfb8 30. Rd2 Rb5 31. Nf5 Kf8 32. Bd5 Ba3 33. Bxc4 Rxb2 34. Rbxb2 Rxb2 35. Rxb2 Bxb2 36. Nxd6 Bxc3 37. Nb7 Ke7 38. Bxa6 f5 39. Bb5 g5 40. a6 Bd4 41. Na5 Kf6 42. Nc6 Bc5 43. a7 Bxa7 44. Nxa7 h5 45. Bd7 e4 46. Nc6 f4 47. g4 hxg4 48. Bxg4 Kg6 49. Kf2 Kf6 50. Ke2 1-0

[Event "Titled Tuesday intern op 11th Apr Late"]
[Site "Chess.com INT"]
[Date "2023.04.11"]
[Round "8"]
[White "Grigoriants, Sergey"]
[Black "Grigorjev, Iljya"]
[Result "1-0"]
[WhiteElo "2557"]
[BlackElo "2426"]
[PlyCount "71"]
[EventDate "2023.04.11"]
[EventType "swiss (blitz)"]
[EventRounds "11"]
[EventCountry "USA"]
[SourceTitle "CBM 213 Extra"]
[Source "ChessBase"]
[SourceDate "2023.05.31"]
[SourceVersion "1"]
[SourceVersionDate "2023.05.31"]
[SourceQuality "1"]

1. d4 Nf6 2. c4 g6 3. f3 d5 4. cxd5 Nxd5 5. e4 Nb6 6. Nc3 Bg7 7. Be3 0-0 8. Qd2 Nc6 9. 0-0-0 f5 10. e5 f4 11. Bxf4 Nb4 12. Bh6 Be6 13. Bxg7 Kxg7 14. a3 a5 15. h4 Nc4 16. Bxc4 Bxc4 17. h5 Nd3+ 18. Kb1 Qxd4 19. hxg6 h5 20. Rxh5 Rh8 21. Nge2 Qb6 22. Rdh1 Qxg6 23. Rxh8 Rxh8 24. Rxh8 Kxh8 25. Nc1 Nxe5+ 26. Ne4 Be6 27. Qxa5 Nc6 28. Qc3+ Kg8 29. Qd2 Bf5 30. Qd5+ e6 31. Qd7 Qxg2 32. Qc8+ Kg7 33. Qxc7+ Kg6 34. Qf4 Nd4 35. Ka2 Qc2 36. Nc3 1-0

[Event "Titled Tuesday intern op 11th Apr Late"]
[Site "Chess.com INT"]
[Date "2023.04.11"]
[Round "6"]
[White "Grigorjev, Iljya"]
[Black "Rastbod, Ali"]
[Result "1/2-1/2"]
[WhiteElo "2426"]
[BlackElo "2318"]
[PlyCount "110"]
[EventDate "2023.04.11"]
[EventType "swiss (blitz)"]
[EventRounds "11"]
[EventCountry "USA"]
[SourceTitle "CBM 213 Extra"]
[Source "ChessBase"]
[SourceDate "2023.05.31"]
[SourceVersion "1"]
[SourceVersionDate "2023.05.31"]
[SourceQuality "1"]

1. d4 Nf6 2. c4 e6 3. Nc3 Bb4 4. e3 0-0 5. Bd3 d5 6. a3 Bxc3+ 7. bxc3 dxc4 8. Bxc4 c5 9. Ne2 Qc7 10. Bd3 Nc6 11. 0-0 e5 12. Ng3 Be6 13. f4 exd4 14. cxd4 Rad8 15. Rb1 Rfe8 16. Nh5 Qe7 17. Nxf6+ Qxf6 18. Rxb7 Bd5 19. Qh5 g6 20. Qg5 Qxg5 21. fxg5 Ne5 22. Bb5 Bxb7 23. Bxe8 cxd4 24. exd4 Rxd4 25. Bf4 Nf3+ 26. gxf3 Rxf4 27. Rc1 Bxf3 28. Rc7 a5 29. h4 Bd5 30. Rc5 Be6 31. Rxa5 Rxh4 32. a4 Kg7 33. Kf2 Rh2+ 34. Ke3 Ra2 35. Ra7 Rg2 36. Ra5 h6 37. gxh6+ Kxh6 38. Rc5 Ra2 39. a5 Kg7 40. Bc6 Kf6 41. Bb7 Ke7 42. a6 Kd6 43. Rc6+ Ke5 44. Rc5+ Kd6 45. Rc1 f5 46. Kf4 Ra4+ 47. Kg5 Bd7 48. Rd1+ Kc7 49. Kxg6 Bb5 50. Rc1+ Kb6 51. Rb1 Kc5 52. Kg5 Bxa6 53. Bxa6 Rxa6 54. Kxf5 Rb6 55. Rxb6 Kxb6 1/2-1/2

[Event "Titled Tuesday intern op 14th Feb Early"]
[Site "Chess.com INT"]
[Date "2023.02.14"]
[Round "4"]
[White "Grigorjev, Iljya"]
[Black "Sarana, Alexey"]
[Result "1-0"]
[WhiteElo "2431"]
[BlackElo "2668"]
[PlyCount "147"]
[EventDate "2023.02.14"]
[EventType "swiss (blitz)"]
[EventRounds "11"]
[EventCountry "USA"]
[SourceTitle "CBM 212 Extra"]
[Source "ChessBase"]
[SourceDate "2023.03.31"]
[SourceVersion "1"]
[SourceVersionDate "2023.03.31"]
[SourceQuality "1"]

1. c4 e5 2. Nc3 Nf6 3. Nf3 Nc6 4. e4 g6 5. d4 exd4 6. Nxd4 Bg7 7. Be3 Ng4 8. Qxg4 Nxd4 9. Qd1 c5 10. Bd3 0-0 11. 0-0 d6 12. Nd5 Be6 13. Rc1 Bxd5 14. exd5 Qh4 15. Re1 Rae8 16. g3 Qh3 17. Bf1 Qf5 18. Bg2 h5 19. Bf4 Qd7 20. Qd3 b6 21. h4 Kh7 22. b3 Be5 23. Bg5 Qg4 24. Re4 Qf5 25. Rce1 Bg7 26. Qd1 Re5 27. Be7 Re8 28. Rxe5 dxe5 29. d6 Qd7 30. Bd5 f5 31. Bf7 Rxe7 32. dxe7 Qxe7 33. Bd5 e4 34. Kg2 Be5 35. Bxe4 fxe4 36. Rxe4 Qb7 37. Qd3 Bf6 38. Kg1 Qd7 39. Qe3 Qf5 40. Re8 Qd7 41. Qe4 Kg7 42. Rb8 Nc6 43. Ra8 Bd4 44. Re8 Qd6 45. Kg2 Qd7 46. Re6 Ne5 47. Rxe5 Bxe5 48. Qxe5+ Kh7 49. Qd5 Qe7 50. a4 Kg7 51. Qc6 Kh7 52. Qd5 Kg7 53. Kf3 Kh7 54. Qe4 Qf6+ 55. Qf4 Qc3+ 56. Qe3 Qf6+ 57. Kg2 Qc6+ 58. f3 Qd7 59. Qe4 Qd2+ 60. Kh3 Qd7+ 61. g4 hxg4+ 62. Qxg4 Qf7 63. Qe4 Qd7+ 64. Kg3 Qd6+ 65. Qf4 Qe7 66. Qe4 Qd6+ 67. Kg4 Qd7+ 68. Kg5 Qd2+ 69. Kf6 Qc3+ 70. Kf7 Qg7+ 71. Ke6 Qc3 72. h5 Qxb3 73. Kf7 Qxa4 74. Qxg6+ 1-0

[Event "Orsha op-A 21st"]
[Site "Orsha"]
[Date "2023.01.23"]
[Round "7"]
[White "Grigorjev, Iljya"]
[Black "Tsaruk, Maksim"]
[Result "1-0"]
[WhiteElo "2402"]
[BlackElo "2373"]
[PlyCount "159"]
[EventDate "2023.01.19"]
[EventType "swiss"]
[EventRounds "9"]
[EventCountry "BLR"]
[SourceTitle "CBM 212 Extra"]
[Source "ChessBase"]
[SourceDate "2023.03.31"]
[SourceVersion "1"]
[SourceVersionDate "2023.03.31"]
[SourceQuality "1"]

1. d4 Nf6 2. c4 e6 3. Nf3 d5 4. g3 dxc4 5. Bg2 c5 6. 0-0 Nc6 7. Ne5 Bd7 8. Na3 cxd4 9. Naxc4 Bc5 10. Qb3 0-0 11. Bf4 Nxe5 12. Nxe5 Qb6 13. Nxd7 Nxd7 14. Qxb6 axb6 15. Bxb7 Ra7 16. Bc6 d3 17. exd3 Bd4 18. Be3 Bxb2 19. Rab1 Bf6 20. a4 Ne5 21. Bb5 Nf3+ 22. Kg2 Nd4 23. Rfc1 Rfa8 24. Rb4 Nxb5 25. axb5 Bd8 26. Rd4 Rb7 27. Ra1 Rab8 28. Rc4 Kf8 29. Bf4 Bf6 30. Ra6 Rd8 31. Bc7 Rxd3 32. Bxb6 Bd8 33. Bc5+ Ke8 34. b6 Rb3 35. Ra7 Rd7 36. Rf4 f6 37. Rd4 Rxd4 38. Bxd4 Be7 39. b7 Bd6 40. b8Q+ Rxb8 41. Rxg7 e5 42. Ba7 Rb5 43. Rxh7 Be7 44. Kf3 Kd7 45. h4 Ke6 46. h5 Rb3+ 47. Kg2 Bf8 48. Be3 Be7 49. g4 Rb8 50. Rg7 Rh8 51. Kf3 f5 52. Rg6+ Kf7 53. Ra6 Bh4 54. h6 f4 55. Bc5 Bg5 56. Ke4 Bxh6 57. Kxe5 f3 58. Kf5 Rc8 59. Rxh6 Rxc5+ 60. Kf4 Rc3 61. Kg3 Kg7 62. Re6 Ra3 63. Re3 Ra4 64. Rxf3 Kg6 65. Rc3 Ra6 66. Rc4 Ra3+ 67. f3 Rb3 68. Kf4 Rb6 69. Rc3 Ra6 70. Kg3 Rb6 71. f4 Ra6 72. Kh4 Rb6 73. Re3 Kg7 74. f5 Rb1 75. Kg5 Kf7 76. Rh3 Rb4 77. Rh7+ Kg8 78. Ra7 Rc4 79. f6 Rd4 80. Kf5 1-0

[Event "Orsha GM 12"]
[Site "Orsha"]
[Date "2022.12.23"]
[Round "9"]
[White "Grigorjev, Iljya"]
[Black "Zarubitski, Viachaslau"]
[Result "1/2-1/2"]
[WhiteElo "2402"]
[BlackElo "2458"]
[PlyCount "37"]
[EventDate "2022.12.17"]
[EventType "tourn"]
[EventRounds "9"]
[EventCountry "BLR"]
[EventCategory "6"]
[SourceTitle "CBM 212 Extra"]
[Source "ChessBase"]
[SourceDate "2023.03.31"]
[SourceVersion "1"]
[SourceVersionDate "2023.03.31"]
[SourceQuality "1"]

1. d4 d5 2. c4 c6 3. Nc3 Nf6 4. cxd5 cxd5 5. Bf4 Nc6 6. Nf3 Bf5 7. e3 e6 8. Bd3 Bxd3 9. Qxd3 Bd6 10. Bxd6 Qxd6 11. 0-0 0-0 12. Rac1 Rfc8 13. a3 a6 14. Rc2 Rc7 15. Rfc1 Rac8 16. Ne2 Na5 17. Rxc7 Rxc7 18. Rxc7 Qxc7 19. Ne5 1/2-1/2